Regional report (Record no. 81398)

MARC details
000 -LEADER
fixed length control field 00824cab a22001935a 4500
001 - CONTROL NUMBER
control field L147132
008 - FIXED-LENGTH DATA ELEMENTS--GENERAL INFORMATION
fixed length control field 090406e20090327xxkad f 000 0 eng d
035 ## - SYSTEM CONTROL NUMBER
System control number (Sirsi) u147132
041 0# - LANGUAGE CODE
Language code of text/sound track or separate title eng
100 1# - MAIN ENTRY--PERSONAL NAME
Personal name Hatcher, David
245 00 - TITLE STATEMENT
Title Regional report
Remainder of title West London
260 ## - PUBLICATION, DISTRIBUTION, ETC.
Date of publication, distribution, etc. 2008
490 #0 - SERIES STATEMENT
Series statement Property Week
Volume/sequential designation 75(13) 27 March 2009, 59-66(6)
520 ## - SUMMARY, ETC.
Summary, etc. Reports on news and deals from around the region. Reveals that schemes for Hounslow are struggling to complete, but the centre in Feltham offers some positive news for the borough. Considers what the third runway at Heathrow will mean for local developers and landlords. Reveals that plans to develop Ealing town centre are now on hold.
590 ## - LOCAL NOTE (RLIN)
Local note KA
651 #4 - SUBJECT ADDED ENTRY--GEOGRAPHIC NAME
Geographic name London
690 ## - LOCAL SUBJECT ADDED ENTRY--TOPICAL TERM (OCLC, RLIN)
Topical term or geographic name as entry element PROPERTY-COMMERCIAL PROPERTY-COMMERCIAL PROPERTY MARKET
942 ## - ADDED ENTRY ELEMENTS (KOHA)
Suppress in OPAC 0
Holdings
Withdrawn status Lost status Source of classification or shelving scheme Damaged status Not for loan Home library Current library Shelving location Date acquired Total Checkouts Full call number Barcode Date last seen Copy number Price effective from Koha item type
    Dewey Decimal Classification     London London Journal article 06/04/2009   L147132 147132-1001 06/08/2019 1 06/08/2019 Journal article